高齢化率の高い市町村 - Statistics

General Stats
  • This quiz has been taken 70 times
  • The average score is 20 of 50
Answer Stats
順位 都道府県 市町村 高齢化率 % Correct
36 奈良県 上北山村 51.80
68%
1 群馬県 南牧村 65.24
65%
29 愛知県 豊根村 52.41
65%
25 北海道 歌志内市 53.33
63%
40 石川県 珠洲市 51.62
63%
31 北海道 夕張市 52.20
58%
49 奈良県 天川村 50.85
51%
7 奈良県 東吉野村 58.32
49%
18 山口県 周防大島町 54.57
49%
26 東京都 檜原村 53.12
49%
39 高知県 室戸市 51.75
49%
12 奈良県 川上村 55.62
47%
2 長野県 天龍村 62.14
46%
17 大分県 姫島村 54.61
46%
5 奈良県 御杖村 60.51
44%
23 秋田県 上小阿仁村 53.66
44%
50 愛知県 東栄町 50.82
44%
3 群馬県 神流町 61.46
42%
16 奈良県 黒滝村 55.22
42%
45 愛知県 設楽町 51.16
42%
9 山口県 上関町 56.40
40%
15 和歌山県 古座川町 55.24
40%
38 静岡県 西伊豆町 51.78
39%
41 奈良県 曽爾村 51.58
39%
48 高知県 東洋町 50.87
39%
13 福島県 昭和村 55.62
37%
22 徳島県 牟岐町 53.86
37%
6 高知県 大豊町 58.70
35%
10 徳島県 上勝町 55.94
35%
19 長野県 栄村 54.40
35%
27 京都府 笠置町 52.80
35%
28 長野県 根羽村 52.46
35%
8 福島県 飯舘村 57.51
32%
14 青森県 今別町 55.27
32%
24 三重県 南伊勢町 53.59
32%
35 奈良県 吉野町 51.95
32%
37 徳島県 那賀町 51.80
32%
11 高知県 仁淀川町 55.73
30%
32 鳥取県 日南町 52.19
30%
47 青森県 外ヶ浜町 50.95
30%
4 福島県 金山町 60.90
28%
34 広島県 安芸太田町 52.11
28%
46 岩手県 西和賀町 51.01
28%
21 福島県 三島町 53.93
26%
43 北海道 神恵内村 51.49
26%
33 千葉県 御宿町 52.15
25%
44 北海道 上砂川町 51.32
25%
20 徳島県 神山町 54.34
18%
42 宮崎県 美郷町 51.57
16%
30 北海道 松前町 52.22
14%
No matching quizzes found
Score Distribution
Percent of People with Each Score
Percentile by Number Answered
Your Score History
You have not taken this quiz